[Event "Hoogovens-B"]
[Site "Wijk aan Zee"]
[Date "1989.??.??"]
[Round "?"]
[White "Van der Sterren, Paul"]
[Black "Kuijf, Marinus"]
[Result "0-1"]
[WhiteElo "2500"]
[BlackElo "2485"]

1.c4 c6 2.Nf3 d5 3.d4 Nf6 4.Nc3 e6 5.cxd5 cxd5 6.Bf4 Nc6 7.e3 Be7 8.Bd3 Nh5
9.Bg3 Nxg3 10.hxg3 g6 11.e4 dxe4 12.Bxe4 Bf6 13.Bxc6+ bxc6 14.Ne5 O-O 15.Qf3 Bb7
16.O-O-O Bg7 17.Qf4 Qe7 18.Ne4 c5 19.Nxc5 Bxg2 20.Rh2 Bd5 21.f3 Rac8 22.Kb1 Rfd8
23.Qe3 Qd6 24.Rdh1 h5 25.Rc1 Ba8 26.Rh4 Rc7 27.Rc4 Bxe5 28.dxe5 Qd1+ 29.Rc1 Qxf3
30.Qg5 Rd1 31.Rc4 Rxc1+ 32.Rxc1 Qf5+ 33.Qxf5 exf5 34.b4 Re7 35.Re1 Kg7 36.Kb2 Be4
37.e6 Bd5 38.a4 Bxe6 39.b5 Kf6 40.Kc3 Bd5 41.Rd1 Bf3 42.Rd3 Be2 43.Rd6+ Kg5
44.Kd2 Bf3 45.Rd7 Rxd7+ 46.Nxd7 f4 47.Ne5 Bd5  0-1

[Event "Yerevan"]
[Site "Yerevan"]
[Date "1989.??.??"]
[Round "?"]
[White "Azmaiparashvili, Zurab"]
[Black "Ivanchuk, Vassily"]
[Result "1/2-1/2"]
[WhiteElo "2560"]
[BlackElo "2635"]

1.c4 c6 2.Nf3 d5 3.d4 Nf6 4.Nc3 dxc4 5.a4 Bf5 6.Nh4 Bc8 7.Nf3 Bf5 8.Ne5 e6
9.f3 Bb4 10.Qd2 c5 11.dxc5 Nd5 12.e4 Qf6 13.Qd4 Nd7 14.Bf4 Bxe4 15.fxe4 Qxf4
16.Nxd7 O-O-O 17.g3 Qe3+ 18.Qxe3 Nxe3 19.Ne5 Nc2+ 20.Ke2 Nxa1 21.Nxf7 Nb3
22.Nxh8 Rxh8 23.Bh3 Nd4+ 24.Kd2 Rd8 25.Rd1 Bxc5 26.Kc1 a6 27.Nd5 b5 28.Nf4 Re8
29.Kb1 Kb7 30.e5 Kb6 31.Bg4 Ka5 32.axb5 axb5 33.Ne2 Nc6 34.Nf4 Nxe5 35.Bxe6 g5
36.Rd5 gxf4 37.Rxe5 Bd6 38.Rxb5+ Kxb5 39.Bd7+ Kb4 40.Bxe8 fxg3 41.hxg3 Bxg3  1/2-1/2

[Event "Zug"]
[Site "Zug"]
[Date "1989.??.??"]
[Round "?"]
[White "Landenbergue, Claude"]
[Black "Brunner, Lucas"]
[Result "0-1"]
[WhiteElo "2345"]
[BlackElo "2505"]

1.c4 c6 2.e4 d5 3.exd5 cxd5 4.d4 Nf6 5.Nc3 e6 6.Nf3 Be7 7.cxd5 Nxd5 8.Bd3 Nc6
9.O-O O-O 10.Re1 Bf6 11.Be4 Nce7 12.Ne5 g6 13.Bh6 Bg7 14.Bxg7 Kxg7 15.Qf3 Nf6
16.Bxb7 Bxb7 17.Qxb7 a5 18.Nc6 Nxc6 19.Qxc6 Qxd4 20.a3 Rfc8 21.Qf3 Rab8 22.Rad1 Qh4
23.Rd2 Rb3 24.h3 Rcb8 25.Qe2 Qg5 26.Rc2 Qf5 27.Rd2 h5 28.a4 R3b4 29.Rc1 h4
30.Re1 R8b7 31.Nb5 Ne4 32.Rd4 R7xb5 33.Rxe4 Rxe4 34.Qxe4 Rb4 35.Qxf5 gxf5
36.b3 Rxb3 37.Re5 Rb1+ 38.Kh2 Rf1 39.f3 Kf6 40.Rxa5 e5 41.Ra8 Ra1 42.a5 Kg5
43.Rg8+ Kf4 44.Rh8 e4 45.Rxh4+ Ke3 46.Kg3 Kd3 47.fxe4 fxe4 48.Rh8 Rxa5 49.Kf4 e3
50.Rd8+ Ke2 51.Re8 Ra4+ 52.Kf5 Kf2 53.g4 Kf3  0-1

[Event "Aarhus int-A"]
[Site "Aarhus"]
[Date "1990.??.??"]
[Round "6"]
[White "Pedersen, E."]
[Black "Jelling, Erik"]
[Result "0-1"]
[WhiteElo "2415"]
[BlackElo "2355"]

1.c4 c6 2.g3 d5 3.Bg2 Nf6 4.Nf3 dxc4 5.Na3 b5 6.Ne5 Nd5 7.d3 cxd3 8.Qxd3 e6
9.e4 Qa5+ 10.Bd2 Nb4 11.Qb3 f6 12.Ng4 e5 13.Bh3 N8a6 14.Nxf6+ gxf6 15.Bxc8 Nc5
16.Qf3 Rxc8 17.O-O Qa4 18.Qxf6 Rg8 19.Qxe5+ Be7 20.Qh5+ Kd8 21.Qxh7 Re8 22.Bf4 Ncd3
23.Rad1 c5 24.Qh5 c4 25.Qe5 Rc5 26.Qb8+ Kd7 27.Qb7+ Kd8 28.Be3 Rc7 29.Qxb5 Qxb5
30.Nxb5 Rb7 31.Na3 Rc7 32.Nb5 Rd7 33.b3 a6 34.Na7 Bc5 35.a3 Bxe3 36.fxe3 Nc2
37.bxc4 Nxe3 38.Rb1 Nxf1 39.Rb8+ Ke7 40.Nc6+ Kf7  0-1

[Event "OHRA-B"]
[Site "Amsterdam"]
[Date "1990.??.??"]
[Round "5"]
[White "Uhlmann, Wolfgang"]
[Black "Brenninkmeijer, Joris"]
[Result "1/2-1/2"]
[WhiteElo "2505"]
[BlackElo "2510"]

1.c4 c6 2.d4 d5 3.Nc3 Nf6 4.Nf3 dxc4 5.a4 Bf5 6.e3 e6 7.Bxc4 Bb4 8.O-O Nbd7
9.Qb3 a5 10.Bd2 Qb6 11.Ne2 Bd6 12.Ng3 Qxb3 13.Bxb3 Bg6 14.Bc3 O-O 15.Ne5 Bxe5
16.dxe5 Nd5 17.Bxd5 cxd5 18.Bd4 Rfc8 19.Rfc1 f6 20.f4 Bd3 21.Kf2 fxe5 22.Bxe5 Nxe5
23.fxe5 Kf7 24.e4 dxe4 25.Ke3 Rc6 26.Rxc6 bxc6 27.Rc1 Rb8 28.Rxc6 Rxb2 29.Nh5 Re2+
30.Kd4 Rc2 31.Rb6 g5 32.Rb7+ Kf8 33.Nf6 Rxg2 34.Rxh7 Ra2 35.Ra7 Rxa4+ 36.Ke3 Bc4
37.Nxe4 Bd5 38.Nxg5 Ra2 39.Nh7+ Ke8 40.Nf6+ Kd8 41.Nxd5 exd5 42.Kd4 Rxh2
43.Kc5 Rh6 44.Rxa5 Ke7 45.Ra7+ Ke8 46.Kxd5 Rg6 47.Rc7 Ra6 48.Rc6 Rxc6 49.Kxc6 Ke7
50.e6 Kxe6  1/2-1/2

[Event "OHRA-B"]
[Site "Amsterdam"]
[Date "1990.??.??"]
[Round "8"]
[White "Fedorowicz, John P"]
[Black "Brenninkmeijer, Joris"]
[Result "1/2-1/2"]
[WhiteElo "2565"]
[BlackElo "2510"]

1.c4 c6 2.e4 d5 3.exd5 cxd5 4.d4 Nf6 5.Nc3 Nc6 6.Bg5 Be6 7.Be2 Qa5 8.c5 Ne4
9.Nf3 Bg4 10.Bd2 Nxd2 11.Nxd2 Bxe2 12.Nxe2 g6 13.O-O Bg7 14.Nf3 O-O 15.a3 Qc7
16.Rc1  1/2-1/2

[Event "OHRA-B"]
[Site "Amsterdam"]
[Date "1990.??.??"]
[Round "8"]
[White "Serper, Grigory"]
[Black "Kuijf, Marinus"]
[Result "1-0"]
[WhiteElo "2485"]
[BlackElo "2445"]

1.c4 c6 2.e4 d5 3.exd5 cxd5 4.cxd5 Nf6 5.Nc3 Nxd5 6.Bc4 Nxc3 7.bxc3 e6 8.Nf3 Be7
9.O-O Qc7 10.Qe2 Nd7 11.d4 O-O 12.Bd2 b6 13.Bd3 Bb7 14.Rac1 Rfe8 15.Rfe1 Ba3
16.Rc2 Bc6 17.c4 Bd6 18.c5 Be7 19.Ng5 Bxg5 20.Bxg5 bxc5 21.dxc5 Qa5 22.Rec1 Rab8
23.Qh5 Nf8 24.Rc3 Qxa2 25.Bc4 Qb2 26.Bf4 Rb4 27.Qd1 Ra4 28.h4 Qb7 29.h5 e5
30.Bg3 h6 31.Bh4 Ne6 32.Rg3 Qd7 33.Qxd7 Bxd7 34.Bf6 Ng5 35.Bxg5 hxg5 36.Rxg5 Kf8
37.c6 Bxc6 38.Bxf7 Kxf7 39.Rxc6 Re7 40.Rcg6 Kf8 41.h6 gxh6 42.Rxh6 Ke8 43.Rd6 Kf7
44.Rh5 e4 45.Rh7+ Ke8 46.Rh8+ Kf7 47.Rc6 Kg7 48.Rch6 Re5 49.R8h7+ Kg8 50.Rb7 e3
51.fxe3 Rxe3 52.Rc6 Re8 53.Rcc7 Ra8 54.Rg7+ Kh8 55.Rh7+ Kg8 56.Rbg7+  1-0

[Event "SWZ-ch"]
[Site "Arosa"]
[Date "1990.??.??"]
[Round "?"]
[White "Ballmann, Martin"]
[Black "Domont, Alexandre"]
[Result "1-0"]
[WhiteElo "2285"]
[BlackElo "2315"]

1.c4 c6 2.Nf3 d5 3.e3 g6 4.d4 Bg7 5.Nc3 Nf6 6.Be2 Be6 7.cxd5 Bxd5 8.O-O O-O
9.Qc2 Bxf3 10.Bxf3 Nbd7 11.Rd1 Qc8 12.Be2 c5 13.d5 Nb6 14.e4 Ne8 15.a4 Nd6
16.a5 Nd7 17.Be3 f5 18.Bg5 Qe8 19.exf5 Rxf5 20.Bh4 Rf4 21.Bg5 Rb4 22.Ra4 Rc8
23.Bg4 Rc7 24.Be6+ Kh8 25.Ra2 Nf8 26.Bh3 Qf7 27.Rd3 Nd7 28.Be6 Qe8 29.Ne2 Nf8
30.Nf4 Qb5 31.b3 c4 32.Rh3 cxb3 33.Nxg6+ Nxg6 34.Qxg6 Rh4 35.Rxh4  1-0

[Event "AUT-chT"]
[Site "Austria"]
[Date "1990.??.??"]
[Round "?"]
[White "Kwatschewsky, Leo"]
[Black "Weinzettl, Ernst"]
[Result "0-1"]
[WhiteElo "2325"]
[BlackElo "2295"]

1.c4 c6 2.d4 d5 3.cxd5 cxd5 4.Nc3 Nc6 5.Nf3 Nf6 6.Bf4 Bg4 7.e3 e6 8.Be2 Bxf3
9.Bxf3 Bd6 10.Bxd6 Qxd6 11.O-O Nd7 12.Nb5 Qb8 13.e4 dxe4 14.Bxe4 Nf6 15.Qf3 Nxe4
16.Qxe4 O-O 17.Rac1 Qd8 18.Rfd1 Qa5 19.Nc3 Rad8 20.Rd2 Qb4 21.Rcd1 Rfe8 22.h3 Rd7
23.a3 Qc4 24.Qd3 Qxd3 25.Rxd3 Red8 26.d5 Ne7 27.d6 Nc8 28.Ne4 f5 29.Nc5 Rxd6
30.Rxd6 Rxd6 31.Rxd6 Nxd6 32.Nxe6 Nc4 33.Nc5 b6 34.Nd3 Kf7 35.Kf1 Ke6 36.Ke2 Kd5
37.Kd1 Ke4 38.Kc2 f4 39.Ne1 Ne5 40.Kc3 g5 41.b3 h5 42.Kd2 f3 43.g3 h4 44.gxh4 gxh4
45.a4 a5 46.Kc3 Nf7 47.Kd2 Ng5 48.Nc2 Nxh3 49.Ke1 Nf4 50.Kf1 Ne2 51.Ne3 h3
52.Ng4  0-1

[Event "Bad Woerishofen op"]
[Site "Bad Woerishofen"]
[Date "1990.??.??"]
[Round "?"]
[White "Palos, Osman"]
[Black "Meduna, Eduard"]
[Result "0-1"]
[WhiteElo "2370"]
[BlackElo "2485"]

1.c4 c6 2.Nf3 d5 3.e3 Nf6 4.d4 Bg4 5.Nbd2 e6 6.Bd3 Bd6 7.Qb3 Qc7 8.h3 Bf5
9.Be2 h6 10.Ne5 Nbd7 11.f4 O-O 12.O-O c5 13.cxd5 exd5 14.Ndf3 Ne4 15.Nxd7 Bxd7
16.dxc5 Bxc5 17.Kh2 Bc6 18.Qd1 Rfe8 19.Nd4 Rad8 20.Bf3 Qb6 21.g4 Bb5 22.Rg1 g6
23.Rg2 Ba6 24.Qg1 Qf6 25.a3 Bd3 26.b4 Bxd4 27.exd4 Nc3 28.Be3 Be4 29.Rf1 Rc8
30.g5 hxg5 31.Rxg5 Bxf3 32.Rxf3 Ne4 33.Rxd5 Rc2+ 34.Kh1 Qc6 35.Qd1 Qxd5 36.Qxc2  0-1

[Event "Badenweiler op"]
[Site "Badenweiler"]
[Date "1990.??.??"]
[Round "9"]
[White "Preiss, Martin"]
[Black "Klebel, Martin"]
[Result "0-1"]
[WhiteElo "2265"]
[BlackElo "2370"]

1.c4 c6 2.Nf3 d5 3.g3 Bg4 4.Bg2 e6 5.cxd5 exd5 6.O-O Bd6 7.d3 Ne7 8.e4 Nd7
9.Qc2 O-O 10.Nc3 dxe4 11.dxe4 Nc5 12.Be3 Ne6 13.Rad1 Qc7 14.Rd2 Rad8 15.Nh4 Bc5
16.Bxc5 Nxc5 17.Nf5 Nxf5 18.exf5 Rxd2 19.Qxd2 Bxf5 20.Qg5 g6 21.Re1 Ne6 22.Qf6 Qd8
23.Qe5 Qd4 24.Qe2 Bg4 25.Bf3 Bxf3 26.Qxf3 Rd8 27.Rd1 Qe5 28.Rxd8+ Nxd8 29.Qd1 Ne6
30.Qd7 Qc7 31.Qd2 Qd8 32.Qe2 Qd4 33.Kg2 Kg7 34.h4 h5 35.Kh2 b5 36.a3 a5 37.Kg1 b4
38.axb4 axb4 39.Nd1 Nc5 40.Qc2 Ne4 41.Ne3 Nxg3 42.Kg2 Ne4 43.Qxc6 Nf6 44.Qc4 Qxb2
45.Nc2 Qc3 46.Qxc3 bxc3 47.Kf3 Nd5 48.Ke4 Ne7 49.Ne3 Nf5 50.Nxf5+ gxf5+ 51.Kd3 Kf6
52.Kxc3 Ke5 53.Kd3 Kf4 54.Ke2 Kg4 55.Ke3 f6 56.Ke2 Kxh4 57.Kf3 Kh3  0-1

[Event "Barcelona Vulca"]
[Site "Barcelona"]
[Date "1990.??.??"]
[Round "6"]
[White "Bellon Lopez, Juan Manuel"]
[Black "Cramling, Pia"]
[Result "1/2-1/2"]
[WhiteElo "2445"]
[BlackElo "2470"]

1.c4 c6 2.e4 d5 3.exd5 cxd5 4.d4 Nf6 5.Nc3 e6 6.Nf3 Be7 7.Bf4 Nc6 8.Be2 O-O
9.O-O b6 10.cxd5 Nxd5 11.Nxd5 Qxd5 12.Rc1 Bb7 13.Qa4 Rac8 14.a3 Qe4 15.Be3 Rfd8  1/2-1/2

[Event "Belgrade-B"]
[Site "Belgrade"]
[Date "1990.??.??"]
[Round "7"]
[White "Vucicevic, Moma"]
[Black "Kostadinov, Rumen"]
[Result "1-0"]
[WhiteElo "2305"]
[BlackElo "2250"]

1.c4 c6 2.d4 d5 3.Nc3 Nf6 4.e3 g6 5.Nf3 Bg7 6.Be2 O-O 7.O-O b6 8.Bd2 Bb7
9.Rc1 Nbd7 10.cxd5 cxd5 11.Qb3 a6 12.Na4 Ne4 13.Ba5 bxa5 14.Qxb7 e6 15.Rc7 Nd6
16.Qc6 Nb8 17.Qb6 Nb5 18.Bxb5 axb5 19.Nc5 Na6 20.Nxa6 Rxa6 21.Qb7 Qd6 22.Rfc1 Rb6
23.Qa7 Ra6 24.Qc5 Qxc5 25.R1xc5 Rfa8 26.Rxb5 R6a7 27.Rxa7 Rxa7 28.Kf1 Bf6
29.Ne1 Kg7 30.Nd3 h5 31.Ke2 Kf8 32.Nc5 Be7 33.Kd3 Bd6 34.h3 g5 35.f3 Kg7
36.e4 dxe4+ 37.Nxe4 Be7 38.Nxg5 h4 39.Ne4 a4 40.Nc5 Kg6 41.Ke4 f5+ 42.Kd3 Kf6
43.Rb6 Bxc5 44.dxc5 Ke5 45.b4 axb3 46.axb3 Ra2 47.b4 Rxg2 48.b5 Rg3 49.Ke3 f4+
50.Kf2 Rxh3 51.Rc6 Kd5 52.Rc7 Rg3 53.b6 h3 54.b7 h2 55.b8=Q h1=Q 56.Rd7+ Kc4
57.Qxf4+  1-0

[Event "Berliner Sommer"]
[Site "Berlin"]
[Date "1990.??.??"]
[Round "?"]
[White "Gavrikov, Viktor"]
[Black "Wessman, Richard"]
[Result "1-0"]
[WhiteElo "2580"]
[BlackElo "2505"]

1.c4 c6 2.Nf3 d5 3.e3 e6 4.b3 Nf6 5.Bb2 Nbd7 6.Qc2 Bd6 7.Nc3 O-O 8.Be2 a6
9.d4 e5 10.cxd5 cxd5 11.dxe5 Nxe5 12.O-O Be6 13.Rac1 Rc8 14.Qb1 Qe7 15.Nd4 Bb8
16.Rfd1 Rfe8 17.Rc2 Neg4 18.h3 Nxf2 19.Kxf2 Bxh3 20.Rd3 Ne4+ 21.Kg1 Qd6 22.Nf3 Qg3
23.Bf1 Ng5 24.Nxg5 Qh2+ 25.Kf2 Qg3+ 26.Ke2 Bxg2 27.Qc1 Qxg5 28.Bxg2 Qxg2+
29.Kd1 Qg6 30.Rxd5 Bf4 31.Re2 Bg3 32.Qd2 h5 33.e4 h4 34.Rg5 Qb6 35.Rxg7+ Kf8
36.Nd5 Qg1+ 37.Re1 Qxe1+ 38.Qxe1 Bxe1 39.Rh7 Bc3 40.Bxc3  1-0

[Event "CSR-ch"]
[Site "Brno"]
[Date "1990.??.??"]
[Round "2"]
[White "Gross, Stefan"]
[Black "Lechtynsky, Jiri"]
[Result "1/2-1/2"]
[WhiteElo "2420"]
[BlackElo "2430"]

1.c4 c6 2.Nf3 Nf6 3.Nc3 d5 4.cxd5 cxd5 5.d4 Nc6 6.Bf4 Bf5 7.e3 e6 8.Bb5 Nd7
9.Qa4 Rc8 10.O-O a6 11.Bxc6 Rxc6 12.Rfc1 Be7 13.Ne2 Bd3 14.Rxc6  1/2-1/2

[Event "Noviki-A"]
[Site "Budapest"]
[Date "1990.??.??"]
[Round "3"]
[White "Csom, Istvan"]
[Black "Kallai, Gabor"]
[Result "1/2-1/2"]
[WhiteElo "2505"]
[BlackElo "2420"]

1.c4 c6 2.Nf3 d5 3.e3 Nf6 4.d4 Bf5 5.Nc3 e6 6.Qb3 Qb6 7.c5 Qc7 8.Nh4 Bg4
9.h3 Bh5 10.Bd2 b6 11.cxb6 axb6 12.g4 Bg6 13.Nxg6 hxg6 14.Bg2 c5 15.e4 cxd4
16.Nb5 Qd7 17.exd5 Nxd5 18.Nxd4 Bc5 19.Nb5 O-O 20.O-O Nc6 21.Rad1 Rad8 22.Bg5 Be7
23.Bc1 Bf6 24.a3 Na5 25.Qd3 Qe7 26.Qe2 Nb3 27.Be3 Bg5 28.Bxd5 Rxd5 29.f4 Bf6
30.g5 Bxb2 31.Bf2 Qd7 32.Rxd5 Qxd5 33.Qxb2 Nd2 34.Nd4 Nxf1 35.Kxf1 e5 36.fxe5 Qxe5
37.Qb5 Qd6 38.a4 Rc8 39.Nf3 Kh7 40.Qxb6 Qd1+ 41.Kg2 Qxa4 42.Qb7 Rf8 43.Qe7 Qe8
44.Qc5 Qc8 45.Qe7 Qd8 46.Qb7 Qa8 47.Qb3 Qe4 48.Bd4 Rd8 49.Qc3 Qd5 50.Qe3  1/2-1/2

[Event "Budapest Noviki-C"]
[Site "Budapest"]
[Date "1990.??.??"]
[Round "9"]
[White "Szilagyi, Peter"]
[Black "Wagman, Stuart"]
[Result "1-0"]
[WhiteElo "2395"]
[BlackElo "2265"]

1.c4 c6 2.Nf3 d5 3.b3 Nf6 4.Bb2 e6 5.g3 Be7 6.Bg2 O-O 7.O-O b6 8.d3 Bb7 9.Nbd2 Nbd7
10.e4 c5 11.e5 Ne8 12.Qe2 Nc7 13.h4 b5 14.Rfc1 a5 15.a4 bxc4 16.bxc4 Qe8
17.Nb3 f6 18.exf6 Bxf6 19.Bxf6 Rxf6 20.Nh2 Qf8 21.Ng4 Rf7 22.Qd2 h5 23.Nh2 Ra7
24.Re1 dxc4 25.dxc4 Bxg2 26.Kxg2 Qb8 27.Re3 Rb7 28.Qc3 Rb4 29.Nf3 Nf6 30.Ne5 Ng4
31.Nxg4 hxg4 32.Nxc5 Qa8+ 33.Kg1 Qc6 34.Qd4 Rf5 35.Qd8+ Kh7 36.Ne4 Rxc4 37.Ng5+ Kg6
38.Qd1 Rfc5 39.Qd3+ Kf6 40.Ne4+  1-0

[Event "Budapest Herbstlich"]
[Site "Budapest"]
[Date "1990.??.??"]
[Round "13"]
[White "Blees, Albert"]
[Black "Fominyh, Alexander"]
[Result "1/2-1/2"]
[WhiteElo "2400"]
[BlackElo "2530"]

1.c4 c6 2.d4 d5 3.Nf3 Nf6 4.cxd5 cxd5 5.Nc3 Nc6 6.Bf4 Bf5 7.e3 e6 8.Bb5 Nd7
9.O-O Be7 10.Rc1 Rc8 11.Qa4 a6 12.Bxc6  1/2-1/2

[Event "Budapest Herbstlich"]
[Site "Budapest"]
[Date "1990.??.??"]
[Round "13"]
[White "Callergard, Robert"]
[Black "Lengyel, Levente"]
[Result "1/2-1/2"]
[WhiteElo "2360"]
[BlackElo "2375"]

1.c4 c6 2.d4 d5 3.Nf3 Nf6 4.cxd5 cxd5 5.Nc3 Nc6 6.Bf4 Bf5 7.e3 e6 8.Bb5 Nd7
9.O-O Be7 10.Re1 O-O 11.Rc1 Re8 12.Qa4  1/2-1/2

[Event "Buenos Aires"]
[Site "Buenos Aires"]
[Date "1990.??.??"]
[Round "12"]
[White "Morovic Fernandez, Ivan"]
[Black "Gomez Baillo, Jorge H"]
[Result "1/2-1/2"]
[WhiteElo "2535"]
[BlackElo "2430"]

1.c4 c6 2.Nc3 d5 3.d4 Nf6 4.e3 Bg4 5.Be2 Bxe2 6.Qxe2 e6 7.Nf3 Bb4 8.Bd2 Nbd7
9.O-O Bxc3 10.Bxc3 O-O 11.Rfd1 Ne4 12.Be1 Re8 13.Rac1 Qf6 14.Qc2 Qf5 15.Qb3 Rab8
16.Qa3 a6 17.Nd2 Nxd2 18.Bxd2 dxc4 19.Rxc4 e5 20.Bb4 Qe6 21.Rdc1  1/2-1/2

[Event "Cannes op"]
[Site "Cannes"]
[Date "1990.??.??"]
[Round "4"]
[White "Tournier, P."]
[Black "Viladiu Martinez, Josep"]
[Result "1/2-1/2"]
[WhiteElo "2150"]
[BlackElo "2315"]

1.c4 c6 2.g3 d5 3.Nf3 Nf6 4.Bg2 Bf5 5.d4 e6 6.O-O dxc4 7.Ne5 Nbd7 8.Nxc4 Be7
9.Nc3 O-O 10.e4 Bg4 11.Qb3 b5 12.Ne3 Bh5 13.e5 Nd5 14.Ncxd5 cxd5 15.Qxb5 Rb8
16.Qd3 Rb4 17.b3 Bg6 18.Qd2 Rb5 19.Bb2 Bb4 20.Qe2 Qb8 21.f4 f5 22.Rfc1 Rb6
23.Qc2 Rd8 24.Bf1 a5 25.a4 Rb7 26.Bb5 Qa7 27.Qd3 Nb8 28.Nf1 Be8 29.Bxe8 Rxe8
30.Rc2 Qb6 31.Rac1 Bf8 32.Nd2 Qd8 33.Nb1 Qb6 34.Rc3 Na6 35.Ba3 Nb4 36.Bxb4 Qxb4
37.Nd2 Qb6 38.Rc6 Qd8 39.Kf2 Bb4 40.Nf3 h6 41.Qa6 Qd7 42.R1c2 Kh7 43.Ne1 Bxe1+
44.Kxe1 Rxb3 45.Qxa5 Reb8 46.Rc7 Qe8 47.Qa7 Qg6 48.Rxg7+ Qxg7 49.Rc7 Rb1+
50.Kf2 R8b2+ 51.Kf3 Rf1+ 52.Ke3 Re1+ 53.Kd3  1/2-1/2

[Event "JUG-chT Cetinje"]
[Site "Cetinje"]
[Date "1990.??.??"]
[Round "4"]
[White "Simic, Radoslav"]
[Black "Djukic, Zeljko"]
[Result "1/2-1/2"]
[WhiteElo "2505"]
[BlackElo "2410"]

1.c4 c6 2.Nf3 d5 3.d4 Nf6 4.Nc3 e6 5.Qb3 dxc4 6.Qxc4 b5 7.Qb3 a6 8.g3 Bb7
9.Bg2 c5 10.dxc5 Nbd7 11.O-O Bxc5 12.Bg5 O-O 13.Rac1 Rc8 14.Ne1 Bxg2 15.Kxg2 Qb6
16.Nd3 Bd4 17.Bxf6  1/2-1/2

[Event "Copenhagen op"]
[Site "Copenhagen"]
[Date "1990.??.??"]
[Round "3"]
[White "Mednis, Edmar John"]
[Black "Smagin, Sergey"]
[Result "0-1"]
[WhiteElo "2440"]
[BlackElo "2520"]

1.c4 c6 2.Nf3 d5 3.Qb3 e6 4.g3 f5 5.Bg2 Nf6 6.O-O Bd6 7.d4 O-O 8.Bd2 Qe7
9.a3 b6 10.Bb4 c5 11.dxc5 bxc5 12.Bd2 Nbd7 13.cxd5 Rb8 14.Qa2 exd5 15.Nc3 Nb6
16.b4 Ba6 17.bxc5 Bxc5 18.Bf4 Rbc8 19.Be5 Bc4 20.Qb2 Ne4 21.Bd4 f4 22.a4 fxg3
23.hxg3 Nxg3 24.fxg3 Rxf3 25.Rxf3 Bxd4+ 26.Kh2 Qxe2 27.Qxe2 Bxe2 28.Nxe2 Bxa1
29.a5 Nc4 30.Rf1 Bf6 31.Bxd5+ Kf8 32.Rc1 Nd6 33.Rxc8+ Nxc8 34.Kg2 Ke7 35.Kf3 Kd6
36.Be4 h6 37.Nf4 Ne7 38.Nd3 Nd5 39.a6 Be5 40.g4 Bd4 41.Nf4 Nb4 42.Bb7 Be5
43.Ng6 Nd3 44.Ke4 Nc5+ 45.Kf5 Bf6 46.Bf3 Nxa6 47.Nf4 Nb4 48.Nh5 Nc6 49.Nxf6 Ne7+
50.Kf4 gxf6  0-1

[Event "Copenhagen op"]
[Site "Copenhagen"]
[Date "1990.??.??"]
[Round "4"]
[White "Sorensen, Torben"]
[Black "Sigfusson, Sigurdur"]
[Result "1/2-1/2"]
[WhiteElo "2300"]
[BlackElo "2370"]

1.c4 c6 2.d4 Nf6 3.Nc3 d5 4.Nf3 dxc4 5.a4 Bf5 6.e3 e6 7.Bxc4 Bb4 8.O-O O-O
9.Nh4 Bg4 10.f3 Bh5 11.g4 Nd5 12.Ng2 Bg6 13.Na2 Be7 14.e4 Nb6 15.Bb3 a5 16.Be3 N8d7
17.Nc3 c5 18.d5 c4 19.Ba2 Nc5 20.Nf4 e5 21.Ng2 Rc8 22.Qe2 Nd3 23.Rfd1 Bb4
24.Bb1 Nc5 25.Bc2 Qd7 26.Qf2  1/2-1/2

[Event "Copenhagen Johansen"]
[Site "Copenhagen"]
[Date "1990.??.??"]
[Round "7"]
[White "Danielsen, Henrik"]
[Black "Bang, Andreas"]
[Result "1/2-1/2"]
[WhiteElo "2380"]
[BlackElo "2345"]

1.c4 c6 2.Nc3 d5 3.d4 Nf6 4.e3 a6 5.Nf3 b5 6.cxd5 cxd5 7.Ne5 e6 8.Be2 Bb7
9.Bd2 Nc6 10.Nd3 Bd6 11.O-O O-O 12.a3 Ne4 13.Rc1 Nxd2 14.Qxd2 Na5 15.Rc2 Nc4
16.Qc1 Qe7 17.Bf3 Rfc8 18.Rd1 Bc6 19.Nb1 b4 20.b3 Na5 21.axb4 Bxb4 22.Qb2 Bb5
23.Be2 Bxd3 24.Bxd3 Rxc2 25.Qxc2 g6 26.g3 Qb7 27.Rc1 Bd6 28.Nd2 Ba3 29.Rb1 Rc8
30.Qd1 Bb4 31.Nf3 Rc3 32.Qf1 Rxb3 33.Bxa6 Rxb1 34.Qxb1 Qxa6 35.Qxb4 Nc6 36.Qd6 Qc8
37.h4 h5 38.Qf4 Qd7 39.Qh6 Ne7 40.Ng5 Nf5 41.Qh7+ Kf8 42.Qh8+ Ke7 43.Nh7 Qd8
44.Qe5 Ke8 45.Kg2 Ke7 46.Kh3 Ke8 47.e4 dxe4 48.d5 Qe7 49.Nf6+ Kf8 50.Nxe4 f6
51.Qb8+ Qe8 52.Qb4+ Kf7 53.d6 Qc6 54.Kh2 Kg7 55.Kg1 Qc1+ 56.Kg2 Qc6 57.Kh2  1/2-1/2

[Event "Copenhagen K41"]
[Site "Copenhagen"]
[Date "1990.??.??"]
[Round "7"]
[White "Pavlovic, Milos"]
[Black "Thorhallsson, Throstur"]
[Result "1/2-1/2"]
[WhiteElo "2420"]
[BlackElo "2405"]

1.c4 c6 2.Nf3 d5 3.g3 Nf6 4.Bg2 Nbd7 5.O-O dxc4 6.Na3 Nb6 7.Qc2 g6 8.Nxc4 Nxc4
9.Qxc4 Bg7 10.d3 O-O 11.Bd2 Be6 12.Qc2 Qc8 13.Rfc1 Bh3 14.Bh1 Qc7 15.b4 Nd5
16.Rab1 Qd6 17.Qc5 Qd7 18.b5 Rfc8 19.Ng5 Bg4 20.bxc6 bxc6 21.Bf3 h6 22.Bxg4 Qxg4
23.Nf3 Qd7 24.Rb3 Kh7 25.Rc4 Qe6 26.Re4 Qd6 27.Rc4 Qe6 28.Re4 Qd6 29.Rc4  1/2-1/2

[Event "Dieren op"]
[Site "Dieren"]
[Date "1990.??.??"]
[Round "7"]
[White "Ravikumar, Vaidyanathan"]
[Black "Dekker, Andries"]
[Result "1-0"]
[WhiteElo "2355"]
[BlackElo "2240"]

1.c4 c6 2.Nf3 Nf6 3.b3 d5 4.Bb2 Bg4 5.e3 e6 6.Be2 Nbd7 7.h3 Bh5 8.Nc3 Bxf3
9.gxf3 c5 10.Qc2 a6 11.f4 d4 12.Ne4 Qc7 13.Bf3 O-O-O 14.Rg1 h6 15.a3 g6 16.Nxf6 Nxf6
17.b4 Be7 18.Rb1 cxb4 19.axb4 e5 20.fxe5 Qxe5 21.c5 Qe6 22.Rg3 dxe3 23.dxe3 h5
24.Bg2 Rhe8 25.b5 Nd5 26.Qa4 axb5 27.Qxb5 Qa6 28.Qb3 Bh4 29.Bd4 Qc6 30.Kf1 Bxg3
31.fxg3 f5 32.Kg1 Re4 33.Ra1 Kd7 34.Ra7 Kc8 35.Bf1 Qc7 36.Ra8+ Kd7 37.Qxd5+ Ke8
38.Qxd8+ Qxd8 39.Bb5+ Ke7  1-0

[Event "Dieren op"]
[Site "Dieren"]
[Date "1990.??.??"]
[Round "7"]
[White "Martin, Andrew D"]
[Black "Bagirov, Vladimir"]
[Result "1/2-1/2"]
[WhiteElo "2415"]
[BlackElo "2475"]

1.c4 c6 2.e4 d5 3.exd5 cxd5 4.d4 Nf6 5.Nc3 Nc6 6.Nf3 e6 7.c5 Be7 8.Bb5 O-O
9.O-O Ne4 10.Re1 Nxc3 11.bxc3 Bd7 12.Rb1 b6 13.c4 Na5 14.cxb6 dxc4 15.bxa7 Rxa7
16.a4 Bc6 17.Bxc6 Nxc6 18.Be3 Qa8 19.Ra1 Rc8 20.Ne5 Nxe5 21.dxe5 Ra5 22.Bb6 Rd5
23.Qc2 Bb4 24.Reb1 Ba5 25.Be3 Rxe5 26.Rb5 Rd5 27.Rab1 c3 28.h3 h6 29.Rb7 Rcd8
30.Ra7 Qc6 31.Rbb7 Qd6 32.Rxf7 Rd1+ 33.Qxd1 Qxd1+ 34.Kh2 Qh5 35.Rxg7+ Kf8
36.Bxh6 Qxh6 37.Raf7+  1/2-1/2

[Event "SWE-FIN"]
[Site "Eksjo"]
[Date "1990.??.??"]
[Round "1"]
[White "Norri, Joose"]
[Black "Wessman, Richard"]
[Result "0-1"]
[WhiteElo "2360"]
[BlackElo "2505"]

1.c4 c6 2.d4 d5 3.Nf3 Nf6 4.Nc3 dxc4 5.a4 Bf5 6.e3 e6 7.Bxc4 Bb4 8.O-O O-O
9.Qe2 Bg6 10.e4 Bxc3 11.bxc3 Nxe4 12.Ba3 Re8 13.Rac1 Nd7 14.Ne5 Nef6 15.Nxg6 hxg6
16.Rb1 Nb6 17.Bb3 Nbd5 18.Qf3 Qc7 19.c4 Ne7 20.Rfd1 Rad8 21.g3 Rd7 22.Bc2 Nf5
23.Bb2 Red8 24.Bxf5 gxf5 25.Rdc1 Ne4 26.d5 Qa5 27.dxe6 fxe6 28.Qh5 Qd2 29.Rf1 Qg5
30.Qe2 Rd2 31.Qe1 Qh5 32.Qe3 R8d3 33.Qxa7 Ng5  0-1

[Event "ESP-chT"]
[Site "?"]
[Date "1990.??.??"]
[Round "?"]
[White "Franco Ocampo, Zenon"]
[Black "Hector, Jonny"]
[Result "1-0"]
[WhiteElo "2475"]
[BlackElo "2465"]

1.c4 c6 2.e4 e5 3.Nf3 f5 4.Nxe5 Qf6 5.d4 d6 6.Nd3 fxe4 7.Nf4 Qf7 8.Nc3 Nf6
9.Be2 Be7 10.O-O O-O 11.d5 Na6 12.f3 exf3 13.Bxf3 Bd7 14.Be3 Bd8 15.Qd2 Re8
16.Kh1 Ng4 17.Bxg4 Bxg4 18.h3 Bf5 19.Rf3 Nc5 20.Bxc5 dxc5 21.Raf1 Qd7 22.g4 Be4
23.Nxe4 Rxe4 24.Ne6 Be7 25.Nxg7 cxd5 26.Nh5 Qe6 27.cxd5 Rd8 28.Rf8+  1-0

[Event "GEO-ch (Women)"]
[Site "?"]
[Date "1990.??.??"]
[Round "5"]
[White "Kobaidze, Tsiuri"]
[Black "Kasoshvili, Tsiala"]
[Result "0-1"]
[WhiteElo "2110"]
[BlackElo "2165"]

1.c4 c6 2.d4 d5 3.Nf3 Nf6 4.g3 Bf5 5.Nbd2 e6 6.Bg2 h6 7.O-O Nbd7 8.b3 Be7
9.Bb2 O-O 10.Re1 Ne4 11.Nxe4 Bxe4 12.Nd2 Bxg2 13.Kxg2 Nf6 14.Qc2 Qc7 15.e3 Rfd8
16.Rac1 Rac8 17.Red1 Qa5 18.Bc3 Qa6 19.Qb1 b6 20.Bb2 Qb7 21.cxd5 exd5 22.Qd3 Bd6
23.h3 Re8 24.Qf5 Re6 25.Qf3 Rce8 26.Rc2 Nh7 27.Rdc1 Bb8 28.Ba3 Qd7 29.Qg4 Nf6
30.Qf3 h5 31.Bb4 g6 32.Ba3 Nh7 33.Rh1 Rf6 34.Qe2 Qf5 35.Rc3 Ng5 36.Rcc1 Qe6
37.Rcf1 Ne4 38.f4 Nxd2 39.Qxd2 Qe4+ 40.Kh2  0-1

[Event "Bundesliga 8990"]
[Site "Germany"]
[Date "1990.??.??"]
[Round "?"]
[White "Smejkal, Jan"]
[Black "Meduna, Eduard"]
[Result "1-0"]
[WhiteElo "2530"]
[BlackElo "2485"]

1.c4 c6 2.Nc3 d5 3.d4 Nf6 4.e3 g6 5.Nf3 Bg7 6.Be2 O-O 7.O-O Be6 8.cxd5 Bxd5
9.Qc2 Bxf3 10.Bxf3 Na6 11.Rd1 Ne8 12.e4 Nd6 13.Bf4 Nc7 14.d5 cxd5 15.Nxd5 Nxd5
16.Rxd5 Qb6 17.e5 Nf5 18.Qb3 e6 19.Qxb6 axb6 20.Rb5 Ra4 21.Bg5 Nd4 22.Rxb6 Bxe5
23.Rxb7 f6 24.Bd1 Rc4 25.Rc1 Rfc8 26.Rxc4 Rxc4 27.Bd2 Nc2 28.Kf1 f5 29.Be2 Ra4
30.a3 h5 31.Bb5 Rh4 32.h3 Nd4 33.Bg5 Nxb5 34.Rxb5 Re4 35.f3  1-0

[Event "OL Wuert8990"]
[Site "Germany"]
[Date "1990.??.??"]
[Round "?"]
[White "Hoffmann, Hans"]
[Black "Link, Ulrich"]
[Result "1/2-1/2"]
[WhiteElo "2315"]
[BlackElo "2235"]

1.c4 c6 2.e4 d5 3.exd5 cxd5 4.cxd5 Nf6 5.Bb5+ Nbd7 6.Nc3 g6 7.Nf3 Bg7 8.O-O O-O
9.d6 exd6 10.d4 Nb6 11.Re1 Bf5 12.Bf4 Nbd5 13.Nxd5 Nxd5 14.Bg3 Rc8 15.Qb3 Nf6
16.a4 Nh5 17.Bh4 Bf6 18.Bxf6 Qxf6 19.Re3 Nf4 20.Bf1 Rc7 21.Rae1 Be6 22.Qa3 Bd5
23.g3 Nh5 24.Rd1 Rfc8 25.Bg2 Rc1 26.Ree1 R1c2 27.Re3 Rc1 28.Ree1 R1c2 29.Re3 Rc1  1/2-1/2